| 000 | 00482nam a2200121Ia 4500 | ||
|---|---|---|---|
| 008 | 160609s9999 xx 000 0 und d | ||
| 100 | _aBrodzik, Andrzej K. | ||
| 245 | _aIdeal Sequence Design In Time-frequency Space: Applications To Radar, Sonar, And Communication Systems | ||
| 245 | _cBy:Andrzej K. Brodzik, Myoung An, Richard Tolimieri | ||
| 260 | _c2015 | ||
| 650 | _xCOMMUNICATION TECHNOLOGY | ||
| 856 | _uhttp://file.ebook777.com/003/IdeSeqDesInTimSpaAppToRadSonAndComSys.pdf | ||
| 999 |
_c295606 _d295606 |
||